Murtala Muhammed International Airport Destinations (Lagos, Nigeria) - Statistics

General Stats
  • This quiz has been taken 116 times
    38 since last reset
  • The average score is 33 of 51
Answer Stats
Airline Destination % Correct
Aero Contractors/Air Peace/Arik Air/Azman Air/Green Africa Airways/Ibom Air/Max Air/United Nigeria Airlines/ValueJet Abuja
100%
KLM Amsterdam
97%
Egyptair Cairo
97%
Qatar Airways Doha
97%
Air Peace/Emirates Dubai (International)
97%
Air Peace London (Gatwick)
97%
British Airways/Virgin Atlantic London (Heathrow)
97%
Delta Air Lines New York (JFK)
97%
Ethiopian Airlines Addis Ababa
94%
Royal Air Maroc Casablanca
94%
Turkish Airlines Istanbul
94%
Air France Paris (Charles de Gaulle)
94%
Air Côte d'Ivoire/Air Peace/Middle East Airlines Abidjan
91%
Delta Air Lines Atlanta
91%
Lufthansa Frankfurt
91%
Air Côte d'Ivoire/South African Airways Johannesburg (O.R. Tambo)
91%
TAAG Angola Airlines Luanda
91%
Africa World Airlines/Air Peace/Ibom Air Accra
88%
RwandAir Kigali
88%
Kenya Airways Nairobi (Jomo Kenyatta)
88%
United Airlines Washington (Dulles)
88%
Air Peace Dakar (Diass)
81%
ASKY Airlines Lomé
78%
Aero Contractors/Air Peace/Arik Air/Green Africa Airways/Max Air/ValueJet Port Harcourt
78%
Middle East Airlines Beirut
75%
Air Peace/Air Sierra Leone Freetown
75%
Aero Contractors/Air Peace/Azman Air/Max Air Kano
75%
Uganda Airlines Entebbe
72%
ASKY Airlines Kinshasa (N'djili)
72%
Air Peace/ASKY Airlines Douala
69%
Lufthansa Malabo
63%
Air Peace Cotonou
59%
Air Peace Monrovia (Roberts)
50%
Aero Contractors/Air Peace/Arik Air/ValueJet Benin City
47%
Air Peace Ibadan
47%
Air Côte d'Ivoire/ASKY Airlines Libreville
47%
ValueJet Banjul
44%
Arik Air/ValueJet Jos
38%
Arik Air Kaduna
38%
Aero Contractors/Air Peace/Arik Air/Green Africa Airways/Ibom Air/United Nigeria Airlines Enugu
28%
Air Peace/United Nigeria Airlines Onitsha
28%
Air Peace/Arik Air Warri
25%
Air Peace/Green Africa Airways Ilorin
22%
Air Peace Mumbai
22%
Aero Contractors/Air Peace/Arik Air/Ibom Air Uyo
22%
Aero Contractors/Air Peace/Arik Air/Ibom Air Calabar
19%
Aero Contractors/Air Peace/Arik Air/Green Africa Airways Owerri
19%
Air Peace/Green Africa Airways Akure
13%
Aero Contractors/Air Peace/Arik Air/United Nigeria Airlines Asaba
13%
Air Peace Kebbi
13%
United Nigeria Airlines Yenagoa
9%
No matching quizzes found
Score Distribution
Percent of People with Each Score
Percentile by Number Answered
Your Score History
You have not taken this quiz since the last reset